Statistiques concernant Pokémon- Toutes les Plaques

Cliquez ici pour prendre le quiz!

Statistiques générales

  • Ce quiz a été pris 7 fois
  • Le résultat moyen est 10 sur 19

Statistiques - réponses

Type (apparition)Nom de la Plaque% Correct
Fée (XY)Plaque Pixie
86%
Roche (Diamant et Perle)Plaque Roc
86%
Dragon (Diamant et Perle)Plaque Draco
71%
Glace (Diamant et Perle)Plaque Glace
71%
Acier (Diamant et Perle)Plaque Fer
57%
Feu (Diamant et Perle)Plaque Flamme
57%
Plante (Diamant et Perle)Plaque Herbe
57%
Eau (Diamant et Perle)Plaque Hydro
57%
Insecte (Diamant et Perle)Plaque Insecte
57%
Combat (Diamant et Perle)Plaque Poing
57%
Electrik (Diamant et Perle)Plaque Volt
57%
Vol (Diamant et Perle)Plaque Ciel
43%
Psy (Diamant et Perle)Plaque Esprit
43%
Spectre (Diamant et Perle)Plaque Fantôme
43%
Ténèbres (Diamant et Perle)Plaque Ombre
43%
Sol (Diamant et Perle)Plaque Terre
43%
Poison (Diamant et Perle)Plaque Toxic
43%
Tous les types (Légendes Pokémon Arceus)Plaque Légende
29%
Normal (Légendes Pokémon Arceus)Plaque Renouveau
29%

Distribution des résultats

Percentile par nombre de réponses

% des personnes avec chaque résultat

Votre développement - résultats

Vous n’avez pas pris ce quiz